000 00983nam a2200253 a 4500
001 adlib96000001
003 ViArRB
005 200902210153555.7
008 960221s1955 dcuabcdjdbkoqu001 0deng d
020 _a
022 _a
040 _aAdlib
082 _a547.0:543.422
245 _aApplications of absorption spectroscopy of organic compounds
250 _a
260 _aNew Delhi
_bPrentice-Hall of India
_c1978
300 _aix, 147p.illus.
_c
500 _a ref. at the end of each chap.
100 _aDyer, John R
_e
700 _a
_a
942 _cBK
653 _aPractical organic chemistry
_aChemistry
_aSpectroscopy
_aBiochemistry
_aSpectrum analysis
_aAcids
_aBases- chemistry
_aPhysical science
_aScience
_aChemistry
_aSpectroscopy
_aBiochemistry
_aSpectrum analysis
_aAcids
_aBases- chemistry
_aPhysical science
_aScience
_aOrganic reactions
952 _w2010-06-16
_p00019763
_r2010-06-16
_40
_00
_bUL
_10
_o547.0:543.422 DYE;2
_d2010-06-16
_70
_yBK
_aUL
999 _c15698
_d15697